000 00860nam a2200253Ia 4500
003 OSt
005 20220926012141.0
006 a|||||r|||| 00| 0
007 ta
008 220923b |||||||| |||| 00| 0 eng d
020 _a13:9781845203801
_c1000.00
037 _b21693, 14/09/2007, Segment Book Distrobutors
_cGeneral Book
040 _aRTL
_cRTL
_beng
041 _2eng
_aeng
082 _aY:88.N67, P4
100 _aBarthes Roland
_915728
245 0 _aLanguage of fashion. Tr. by Andy Stafford. Ed by Andy Stafford and Michael Carter
260 _aNew York
_bBerg
_c2005
300 _axiii, 183p
_ccm.
500 _aBibliography P 167-171; Glossary P 172-179
650 _aSociolology
_9230864
942 _hY:88.N67, P4
_cGB
_2CC
999 _c621893
_d621893